El derecho administrativo como instrumento al servicio del ciudadano : (Registro nro. 63194)

Detalles MARC
000 -LEADER
campo de control de longitud fija 02557cam a2200457 i 4500
003 - IDENTIFICADOR DE NÚMERO DE CONTROL
campo de control PE-LiUPU
005 - FECHA Y HORA DE LA ÚLTIMA TRANSACCIÓN
campo de control 20251226084417.0
008 - DATOS DE LONGITUD FIJA--INFORMACIÓN GENERAL
campo de control de longitud fija 1808 s2018 pe a rb 000 0 spa d
020 ## - NÚMERO INTERNACIONAL ESTÁNDAR DEL LIBRO
Número Internacional Estándar del Libro 9786123250478
035 ## - NÚMERO DE CONTROL DEL SISTEMA
Número de control de sistema PE-LiUPU00049
040 ## - FUENTE DE CATALOGACIÓN
Centro catalogador/agencia de origen PE-LiUPU
Lengua de catalogación spa
Centro/agencia transcriptor PE-LiUPU
Normas de descripción rda
082 04 - NÚMERO DE LA CLASIFICACIÓN DECIMAL DEWEY
Número de clasificación 343.6
Cutter C749e
Número de edición 23
090 ## - LOCALMENTE ASIGNADO TIPO-LC NÚMERO DE CLASIFICACIÓN (OCLC); NÚMERO DE CLASIFICACIÓN LOCAL (RLIN)
Número de clasificación (OCLC) (R) ; Numero de clasificación, CALL (RLIN) (NR) 343.6
Número cutter local (OCLC) ; Número de libro/Signatura topográfica íntegra, CALL (RLIN) C74
110 2# - ENTRADA PRINCIPAL--NOMBRE DE ENTIDAD CORPORATIVA
Nombre de entidad corporativa o nombre de jurisdicción como elemento de entrada Congreso de Derecho Administrativo
Número del congreso/reunión o número de parte o sección (8o. :
Fecha del congreso o de la firma del tratado 2018 :
Sede del congreso/Lugar de la reunión Perú),
Término indicativo de función/relación autor.
245 10 - MENCIÓN DEL TÍTULO
Título El derecho administrativo como instrumento al servicio del ciudadano :
Resto del título memorias del VIII Congreso de Derecho Administrativo /
Mención de responsabilidad, etc. Jorge Pando Vilchez, Erick Vargas, Giancarlo Vignolo Cueva [et al.].
250 ## - MENCION DE EDICION
Mención de edición Primera edición.
264 #1 - PRODUCCIÓN, PUBLICACIÓN, DISTRIBUCIÓN, FABRICACIÓN Y COPYRIGHT
Producción, publicación, distribución, fabricación y copyright Lima :
Nombre del de productor, editor, distribuidor, fabricante Palestra Editores ;
-- Universidad de Piura,
Fecha de producción, publicación, distribución, fabricación o copyright 2018.
264 #3 - PRODUCCIÓN, PUBLICACIÓN, DISTRIBUCIÓN, FABRICACIÓN Y COPYRIGHT
Producción, publicación, distribución, fabricación y copyright Impreso en el Perú.
300 ## - DESCRIPCIÓN FÍSICA
Extensión 666 páginas :
Otras características físicas ilustraciones ;
Dimensiones 24 cm
336 ## - TIPO DE CONTENIDO
Término de tipo de contenido text
Fuente rdacontent
337 ## - TIPO DE MEDIO
Nombre/término del tipo de medio unmediated
Fuente rdamedia
338 ## - TIPO DE SOPORTE
Nombre/término del tipo de soporte volume
Fuente rdacarrier
500 ## - NOTA GENERAL
Nota general Memorias académicas del VIII Congreso Nacional de Derecho Administrativo.
500 ## - NOTA GENERAL
Nota general Incluye trabajos de múltiples autores.
504 ## - NOTA DE BIBLIOGRAFÍA, ETC.
Nota de bibliografía, etc. Incluye referencias bibliográficas.
505 0# - NOTA DE CONTENIDO CON FORMATO
Nota de contenido con formato Presentación -- Procedimiento y simplificación administrativa -- Contratación pública -- Sectores regulados, ordenación territorial y recursos naturales -- Funcionarios públicos -- Fiscalización y sanción -- Tutela del administrado.
520 ## - RESUMEN, ETC.
Sumario, etc. Obra colectiva que reúne ponencias académicas y profesionales presentadas en el VIII Congreso Nacional de Derecho Administrativo, centradas en el estudio del Derecho administrativo como instrumento al servicio del ciudadano, abordando temas de procedimiento administrativo, contratación pública, sectores regulados, función pública, fiscalización, sanción y tutela del administrado.
650 18 - PUNTO DE ACCESO ADICIONAL DE MATERIA--TÉRMINO DE MATERIA
Término de materia o nombre geográfico como elemento de entrada Derecho administrativo
9 (RLIN) 2646
Subdivisión de forma Congresos
650 28 - PUNTO DE ACCESO ADICIONAL DE MATERIA--TÉRMINO DE MATERIA
Término de materia o nombre geográfico como elemento de entrada Administración pública
9 (RLIN) 2990
Subdivisión de forma Congresos
650 28 - PUNTO DE ACCESO ADICIONAL DE MATERIA--TÉRMINO DE MATERIA
Término de materia o nombre geográfico como elemento de entrada Interpretación y aplicación del derecho administrativo.
9 (RLIN) 7769
650 #4 - PUNTO DE ACCESO ADICIONAL DE MATERIA--TÉRMINO DE MATERIA
Término de materia o nombre geográfico como elemento de entrada Congresos.
700 ## - ENTRADA AGREGADA--NOMBRE PERSONAL
Nombre de persona Pando Vilchez, Jorge,
Término indicativo de función/relación editor.
9 (RLIN) 7767
700 ## - ENTRADA AGREGADA--NOMBRE PERSONAL
Nombre de persona Vargas, Erick,
Término indicativo de función/relación editor.
9 (RLIN) 7768
700 ## - ENTRADA AGREGADA--NOMBRE PERSONAL
Nombre de persona Vignolo Cueva, Giancarlo,
Término indicativo de función/relación editor.
9 (RLIN) 7771
710 ## - ENTRADA AGREGADA--NOMBRE DE ENTIDAD CORPORATIVA
Nombre de entidad corporativa o nombre de jurisdicción como elemento de entrada Universidad de Piura,
Término indicativo de función/relación editor.
9 (RLIN) 7773
710 ## - ENTRADA AGREGADA--NOMBRE DE ENTIDAD CORPORATIVA
Nombre de entidad corporativa o nombre de jurisdicción como elemento de entrada Asociación Peruana de Derecho Administrativo,
Término indicativo de función/relación editor.
9 (RLIN) 7774
856 40 - LOCALIZACIÓN Y ACCESO ELECTRÓNICOS
Identificador Uniforme de Recursos <a href="https://www.palestraeditores.com">https://www.palestraeditores.com</a>
Nota pública Sitio web de la editorial.
942 ## - ELEMENTOS DE ENTRADA SECUNDARIOS (KOHA)
Fuente del sistema de clasificación o colocación Clasificación Decimal Dewey
Tipo de ítem Koha Libros físicos
980 ## - EQUIVALENCIA O REFERENCIA-CRUZADA-MENCIÓN DE SERIE--NOMBRE DE PERSONA/TÍTULO [LOCAL, CANADÁ]
ID del usuario creador del registro 18228
Nombre del creador del registro Rebeca Esther Huerta Leyton
ID del último usuario que modificó el registro 18226
Nombre del último usuario que modificó el registro Jaime Vilcazán Jefe de Análisis Documental
Existencias
Visto por última vez Total de préstamos Signatura topográfica completa Código de barras Copia número Coste, precio de reemplazo Fecha de reemplazo Facultad Tipo de ítem Koha Estado de pérdida Fuente del sistema de clasificación o colocación Restricciones de uso No para préstamo Colección Programa académico Biblioteca de origen Biblioteca actual Ubicación en estantería Fecha de adquisición Fuente de adquisición Coste, precio normal de compra
2026-01-06   343.6 C749e 82932 e1 40.66 2025-12-22 FACIHED Libros físicos No Perdido Clasificación Decimal Dewey No restringido Disponible para préstamos Colección General Derecho presencial Biblioteca CRAI UPeU Lima Biblioteca CRAI UPeU Lima Sala principal 2025-12-19 Palestra Editores S.A.C 35.66
2026-01-06   343.6 C749e 82933 e2 40.66 2025-12-22 FACIHED Libros físicos No Perdido Clasificación Decimal Dewey No restringido Disponible para préstamos Colección General Derecho presencial Biblioteca CRAI UPeU Lima Biblioteca CRAI UPeU Lima Sala principal 2025-12-19 Palestra Editores S.A.C 35.66